000 00264nam a22000977a 4500
008 160622b xxu||||| |||| 00| 0 eng d
100 _aWilbroda, Ken
245 _aSiku Njema
260 _aNairobi
_bLonghorn
_c1996
500 _aTo Be returned to high school upon return
999 _c16011
_d16011